000 00537nam a22001457a 4500
020 _a0-590-46532-5
082 _a823
_bMAC/T
100 _aMACLACHLAN, PATRICIA
245 _aTOMORROW'S WIZARD
260 _aNEW YORK
_bSCHOLASTIC INC
_c1993
300 _a80
520 _aNewbery Medalist Patricia MacLachlan explores what happens when a wizard would rather be human. “Notable for its elliptical style, which fosters a feeling of wonder, and its warm, affectionate view of life.”--The Horn Book
650 _aSHORT STORY
942 _cBK
999 _c6191
_d6191